Olefin polymerization : (Record no. 159546)

MARC details
000 -LEADER
fixed length control field 00916cam a22002774a 4500
008 - FIXED-LENGTH DATA ELEMENTS--GENERAL INFORMATION
fixed length control field
020 ## - INTERNATIONAL STANDARD BOOK NUMBER
International Standard Book Number 0841236143 (alk. paper)
049 00 - LOCAL HOLDINGS (OCLC)
Holding library MAIN
090 ## - LOCALLY ASSIGNED LC-TYPE CALL NUMBER (OCLC); LOCAL CALL NUMBER (RLIN)
Classification number (OCLC) (R) ; Classification number, CALL (RLIN) (NR) TP1180.P67
Local cutter number (OCLC) ; Book number/undivided call number, CALL (RLIN) OLE
003 - CONTROL NUMBER IDENTIFIER
control field
005 - DATE AND TIME OF LATEST TRANSACTION
control field 20230123134054.0
040 ## - CATALOGING SOURCE
Transcribing agency NUST
245 00 - TITLE STATEMENT
Title Olefin polymerization :
Remainder of title emerging frontiers /
Statement of responsibility, etc. Palanisamy Arjunan, James E. McGrath, Thomas L. Hanlon, editors.
260 ## - PUBLICATION, DISTRIBUTION, ETC.
Place of publication, distribution, etc. Washington, D.C. :
Name of publisher, distributor, etc. American Chemical Society,
Date of publication, distribution, etc. c2000.
300 ## - PHYSICAL DESCRIPTION
Extent x, 205 p. :
Other physical details ill. ;
Dimensions 24 cm.
440 #0 - SERIES STATEMENT/ADDED ENTRY--TITLE
Title ACS symposium series ;
Volume/sequential designation 749
500 ## - GENERAL NOTE
General note Includes index.
504 ## - BIBLIOGRAPHY, ETC. NOTE
Bibliography, etc. note Includes bibliographical reference.
650 #0 - SUBJECT ADDED ENTRY--TOPICAL TERM
Topical term or geographic name entry element Polyolefins
Form subdivision Congresses.
650 #0 - SUBJECT ADDED ENTRY--TOPICAL TERM
Topical term or geographic name entry element Polymerization
Form subdivision Congresses.
700 1# - ADDED ENTRY--PERSONAL NAME
Personal name Arjunan, Palanisamy.
700 1# - ADDED ENTRY--PERSONAL NAME
Personal name McGrath, James E.
700 1# - ADDED ENTRY--PERSONAL NAME
Personal name Hanlon, Thomas L.
907 ## - LOCAL DATA ELEMENT G, LDG (RLIN)
a .b10172567
b 21-09-06
c 22-08-05
942 ## - ADDED ENTRY ELEMENTS (KOHA)
Koha item type Ordinary Loan Books
Call number prefix TP1180.P67
Call number suffix OLE
Holdings
Date last seen Total Checkouts Full call number Barcode Cost, replacement price Price effective from Koha item type Lost status Source of classification or shelving scheme Damaged status Not for loan Collection Withdrawn status Home library Current library Shelving location Date acquired Cost, normal purchase price
01/23/2023   TP1180.P67 ARJ 92003020093 80.00 01/23/2023 BOOKS   LCC     NFIC   MAIN MAIN GEN 01/23/2023 80.00